<?xml version="1.0" encoding="UTF-8"?>
<record
    xmlns:xsi="http://www.w3.org/2001/XMLSchema-instance"
    xsi:schemaLocation="http://www.loc.gov/MARC21/slim http://www.loc.gov/standards/marcxml/schema/MARC21slim.xsd"
    xmlns="http://www.loc.gov/MARC21/slim">

  <leader>00679nam a22001937b 4500</leader>
  <controlfield tag="005">20250704125755.0</controlfield>
  <controlfield tag="008">250704b        sa ||||| |||| 00| 0 eng d</controlfield>
  <datafield tag="020" ind1=" " ind2=" ">
    <subfield code="a">9781920356767</subfield>
    <subfield code="q">Paperback (pbk)</subfield>
  </datafield>
  <datafield tag="040" ind1=" " ind2=" ">
    <subfield code="a">RDA</subfield>
    <subfield code="c">3228</subfield>
  </datafield>
  <datafield tag="082" ind1=" " ind2=" ">
    <subfield code="a">ST 570 METHE</subfield>
  </datafield>
  <datafield tag="100" ind1=" " ind2=" ">
    <subfield code="a">Metherell, A</subfield>
    <subfield code="9">160453</subfield>
  </datafield>
  <datafield tag="245" ind1=" " ind2=" ">
    <subfield code="a">Life Sciences study guide grade 12 CAPS/</subfield>
    <subfield code="c">A Metherell, K Crisp.</subfield>
  </datafield>
  <datafield tag="260" ind1=" " ind2=" ">
    <subfield code="a">Pietermaritzburg [South Africa]:</subfield>
    <subfield code="b">Shuter &amp; Shooter;</subfield>
    <subfield code="c">2017.</subfield>
  </datafield>
  <datafield tag="300" ind1=" " ind2=" ">
    <subfield code="a">viii, 164 pages.:</subfield>
    <subfield code="b">illustrations;</subfield>
    <subfield code="c">30 cm.</subfield>
  </datafield>
  <datafield tag="490" ind1=" " ind2=" ">
    <subfield code="a">Ace it!</subfield>
  </datafield>
  <datafield tag="521" ind1=" " ind2=" ">
    <subfield code="a">Student's book.</subfield>
  </datafield>
  <datafield tag="650" ind1=" " ind2=" ">
    <subfield code="a">Life Sciences- examinations, study guide</subfield>
    <subfield code="v">Life Sciences- problems, exercises, etc</subfield>
    <subfield code="9">194845</subfield>
  </datafield>
  <datafield tag="942" ind1=" " ind2=" ">
    <subfield code="2">ddc</subfield>
    <subfield code="c">BOOK</subfield>
    <subfield code="y">367</subfield>
    <subfield code="z">Ellen Msibi</subfield>
  </datafield>
  <datafield tag="999" ind1=" " ind2=" ">
    <subfield code="c">772182</subfield>
    <subfield code="d">772181</subfield>
  </datafield>
  <datafield tag="952" ind1=" " ind2=" ">
    <subfield code="0">0</subfield>
    <subfield code="1">0</subfield>
    <subfield code="4">0</subfield>
    <subfield code="7">0</subfield>
    <subfield code="8">500</subfield>
    <subfield code="a">DAVEL</subfield>
    <subfield code="b">DAVEL</subfield>
    <subfield code="c">Non_Fiction</subfield>
    <subfield code="d">2025-02-13</subfield>
    <subfield code="l">1</subfield>
    <subfield code="o">570 Dewey 23</subfield>
    <subfield code="p">300302520542</subfield>
    <subfield code="q">2025-02-24</subfield>
    <subfield code="r">2025-02-13</subfield>
    <subfield code="s">2025-02-13</subfield>
    <subfield code="w">2025-02-13</subfield>
  </datafield>
  <datafield tag="952" ind1=" " ind2=" ">
    <subfield code="0">0</subfield>
    <subfield code="1">0</subfield>
    <subfield code="2">ddc</subfield>
    <subfield code="4">0</subfield>
    <subfield code="7">0</subfield>
    <subfield code="8">500</subfield>
    <subfield code="a">SECL</subfield>
    <subfield code="b">SECL</subfield>
    <subfield code="c">Non_Fiction</subfield>
    <subfield code="d">2025-07-04</subfield>
    <subfield code="g">350.00</subfield>
    <subfield code="o">ST 570 METH</subfield>
    <subfield code="p">069048</subfield>
    <subfield code="r">2025-07-04</subfield>
    <subfield code="w">2025-07-04</subfield>
    <subfield code="y">BOOK</subfield>
  </datafield>
</record>
